Statistics for 2000s Movie Co-Stars

Click here to take the quiz!

General Stats

  • This quiz has been taken 28,976 times
  • The average score is 12 of 20

Answer Stats

Co-Stars Movie or Series % Correct
Daniel Radcliffe, Emma WatsonHarry Potter series
99%
Johnny Depp, Keira KnightleyPirates of the
Caribbean series
93%
Kristen Stewart, Robert PattinsonTwilight series
88%
Shia LaBeouf, Megan FoxTransformers series
87%
Elijah Wood, Ian McKellenLord of the Rings
series
86%
Kirsten Dunst, Tobey MaguireSpider-Man series
82%
Robert Downey Jr, Gwyneth PaltrowIron Man series
77%
Jake Gyllenhaal, Heath LedgerBrokeback Mountain
67%
Ellen Page, Michael CeraJuno
66%
George Clooney, Julia RobertsOcean's 11 series
63%
Clint Eastwood, Hilary SwankMillion Dollar Baby
62%
Russell Crowe, Joaquin PhoenixGladiator
58%
Bill Murray, Scarlett JohanssonLost in Translation
47%
Catherine Zeta-Jones,
Renee Zellweger
Chicago
46%
Nicole Kidman, Ewan McGregorMoulin Rouge
43%
Leonardo DiCaprio, Jack NicholsonThe Departed
43%
Kate Winslet, Jim CarreyEternal Sunshine
of the Spotless Mind
34%
Paul Giamatti, Sandra OhSideways
24%
John Cusack, Jack BlackHigh Fidelity
19%
George Clooney, John TurturroO Brother,
Where Art Thou?
18%

Score Distribution

Percentile by Number Answered

Percent of People with Each Score

Your Score History

You have not taken this quiz